000
00230nam a22000857a 4500
008
160705b xxu||||| |||| 00| 0 eng d
100
_9
2251
_a
Bloombury Books
245
_a
Dictionary of Proverbs
260
_a
Lon
_b
Bloomsbury Book
_c
1994
999
_c
1939
_d
1939